Generációváltás a családi vállalkozásokban az Egri Borvidék borászatainak példáján

Bibliográfiai részletek
Szerző: Árvai Tímea Lilla
További közreműködők: Németh Dr. Szilárd
Dokumentumtípus: Diplomadolgozat
Kulcsszavak:családi tulajdonú vállalat
családi vállalkozás
Egri borvidék
generációváltás
utódlás
Online Access:http://dolgozattar.uni-bge.hu/60344

MARC

LEADER 00000nta a2200000 i 4500
001 dolg60344
005 20260409150448.0
008 260409suuuu hu om 000 hun d
040 |a BGE Dolgozattár Repozitórium  |b hun 
041 |a hu 
100 1 |a Árvai Tímea Lilla 
245 1 0 |a Generációváltás a családi vállalkozásokban  |b az Egri Borvidék borászatainak példáján  |c Árvai Tímea Lilla  |h [elektronikus dokumentum] 
520 3 |a A szakdolgozat célja a családi vállalkozások generációváltásának kihívásait és lehetőségeit vizsgálni, az Egri Borvidék borászatainak példáján. A kutatás során a generációk közötti együttműködést és a családi értékek megőrzését helyeztem középpontba, miközben figyelembe vettem az új generációk innovációs lehetőségeit. A kutatás során félig strukturált interjúkat készítettem borászatok tulajdonosaival, így első kézből származó tapasztalatok alapján elemeztem a generációváltás folyamatát. A dolgozat hangsúlyozza, hogy a sikeres generációváltás kulcsa a hagyományok és az innováció egyensúlya, valamint az új generációk megfelelő bevonása és felkészítése a vállalkozás működtetésére. Az eredmények hozzájárulnak a családi vállalkozások jövőbeni sikeres működéséhez, és javaslatokat tesznek a generációváltás folyamatának hatékonyabb megvalósítására a borászatok területén. 
695 |a családi tulajdonú vállalat 
695 |a családi vállalkozás 
695 |a Egri borvidék 
695 |a generációváltás 
695 |a utódlás 
700 1 |a Németh Dr. Szilárd  |e ths 
856 4 0 |u http://dolgozattar.uni-bge.hu/60344/1/%C3%81rvai_T%C3%ADmea_Lilla_GN5M3L_Szakdolgozat.pdf  |z Dokumentum-elérés 
856 4 0 |u http://dolgozattar.uni-bge.hu/60344/2/%C3%81rvai%20T%C3%ADmea%20Lilla.pdf  |z Dokumentum-elérés